[Event "Remote email"]
[Site "Remote email"]
[Date "2014.08.20"]
[Round "?"]
[White "Klein, Werner"]
[Black "Bezukhov, Pierre"]
[Result "1-0"]
[WhiteElo "1748"]
[BlackElo "1604"]
[PlyCount "63"]
[EventDate "2014.??.??"]
[EventType "tourn (corr)"]
[EventRounds "6"]
[EventCountry "GER"]
[SourceTitle "Corr 2015"]
[Source "ChessBase"]
[SourceDate "2015.07.17"]
[SourceVersion "1"]
[SourceVersionDate "2015.07.17"]
[SourceQuality "1"]

1. e4 e6 2. d4 d5 3. Nc3 Nf6 4. Bg5 Be7 5. e5 Ng8 6. Be3 b6 7. Bd3 Bb4 8. Nge2 Ba6 9. 0-0 Ne7 10. Bg5 0-0 11. a3 Ba5 12. b4 Bxb4 13. axb4 Nbc6 14. b5 Bxb5 15. Bxb5 Nb4 16. Bd3 h6 17. Bh4 g5 18. Bxg5 hxg5 19. f4 g4 20. f5 Nxd3 21. Qxd3 exf5 22. Ng3 Qd7 23. Qd2 a5 24. Qg5+ Ng6 25. Nxf5 Qd8 26. Qxg4 Qd7 27. Nh6+ Kg7 28. Qxd7 Kxh6 29. Nxd5 c6 30. Qh3+ Kg7 31. Nf6 b5 32. Qh7# 1-0

[Event "Remote email"]
[Site "Remote email"]
[Date "2014.06.14"]
[Round "?"]
[White "Bezukhov, Pierre"]
[Black "Steffens, Henrik"]
[Result "0-1"]
[WhiteElo "1704"]
[BlackElo "1675"]
[PlyCount "73"]
[EventDate "2014.??.??"]
[EventType "tourn (corr)"]
[EventRounds "6"]
[EventCountry "GER"]
[SourceTitle "Corr 2015"]
[Source "ChessBase"]
[SourceDate "2015.07.17"]
[SourceVersion "1"]
[SourceVersionDate "2015.07.17"]
[SourceQuality "1"]

1. e4 e5 2. Nf3 Nf6 3. Nc3 Bc5 4. Nxe5 Qe7 5. d4 d6 6. Bb5+ c6 7. Bc4 dxe5 8. d5 Bg4 9. Qd3 0-0 10. Bg5 h6 11. Bh4 g5 12. Bg3 Rd8 13. h3 cxd5 14. Bxd5 Bd4 15. Na4 Qb4+ 16. c3 Qxa4 17. Bxb7 Nc6 18. Bxa8 Rxa8 19. hxg4 Nxg4 20. Rxh6 Nxh6 21. cxd4 exd4 22. b3 Qa5+ 23. Kd1 Nb4 24. Qxd4 Rd8 25. Bd6 Qa6 26. e5 Nxa2 27. Qd2 f6 28. Rxa2 Qb6 29. Rb2 fxe5 30. Qxg5+ Kh7 31. Qxe5 Rxd6+ 32. Ke2 Re6 33. f4 Ng4 34. Kf3 Nxe5+ 35. fxe5 Rxe5 36. Re2 Qf6+ 37. Kg3 0-1

[Event "Remote email"]
[Site "Remote email"]
[Date "2014.05.26"]
[Round "?"]
[White "Steffens, Henrik"]
[Black "Bezukhov, Pierre"]
[Result "1-0"]
[WhiteElo "1675"]
[BlackElo "1704"]
[PlyCount "90"]
[EventDate "2014.??.??"]
[EventType "tourn (corr)"]
[EventRounds "6"]
[EventCountry "GER"]
[SourceTitle "Corr 2015"]
[Source "ChessBase"]
[SourceDate "2015.07.17"]
[SourceVersion "1"]
[SourceVersionDate "2015.07.17"]
[SourceQuality "1"]

1. d4 d5 2. Nc3 Nf6 3. Qd3 Nc6 4. e4 Nb4 5. Qe2 Bg4 6. f3 Be6 7. e5 Ng8 8. Nb5 a6 9. Bd2 Nxc2+ 10. Kd1 Nxa1 11. Bg5 Bf5 12. Qe1 c6 13. Nc3 Qb6 14. Ke2 Qxb2+ 15. Bd2 Nc2 16. Qg3 Nxd4+ 17. Ke3 Nc2+ 18. Kf2 e6 19. Na4 Qxa2 20. Nc3 Nd4 21. Nxa2 Bc5 22. Be3 g6 23. h4 a5 24. Ne2 Nxe2 25. Bxe2 Bxe3+ 26. Kxe3 b5 27. Rc1 Ne7 28. Qg5 Rb8 29. h5 Rc8 30. Qh6 Ng8 31. Qg7 Ke7 32. Qxh8 gxh5 33. f4 b4 34. Ba6 Ra8 35. Bb7 Rb8 36. Bxc6 b3 37. Nc3 b2 38. Rb1 Bxb1 39. Nxb1 Ra8 40. Bxa8 a4 41. Qxh7 h4 42. Qc2 Nh6 43. Qxa4 Ng4+ 44. Kd3 Nf2+ 45. Kc3 Nd1+ 1-0

[Event "Remote email"]
[Site "Remote email"]
[Date "2014.03.09"]
[Round "?"]
[White "Bezukhov, Pierre"]
[Black "Franken, Paul"]
[Result "0-1"]
[WhiteElo "1704"]
[BlackElo "2357"]
[PlyCount "42"]
[EventDate "2014.??.??"]
[EventType "tourn (corr)"]
[EventRounds "6"]
[EventCountry "GER"]
[SourceTitle "Corr 2015"]
[Source "ChessBase"]
[SourceDate "2015.07.17"]
[SourceVersion "1"]
[SourceVersionDate "2015.07.17"]
[SourceQuality "1"]

1. d4 e6 2. Nd2 c6 3. e3 d5 4. b3 Nf6 5. Bd3 c5 6. dxc5 Bxc5 7. Qe2 e5 8. Ngf3 e4 9. Bxe4 dxe4 10. Ne5 Nbd7 11. Qb5 Qc7 12. Bb2 a6 13. Qxd7+ Nxd7 14. Nxd7 Bxd7 15. Nxe4 Bb4+ 16. Nd2 Qxc2 17. Bc1 Bc3 18. Ke2 Bxd2 19. Bxd2 Bb5+ 20. Ke1 Rd8 21. Ba5 Qe2# 0-1

[Event "Remote email"]
[Site "Remote email"]
[Date "2014.01.27"]
[Round "?"]
[White "Huening, Andreas"]
[Black "Bezukhov, Pierre"]
[Result "1-0"]
[WhiteElo "1982"]
[BlackElo "1748"]
[PlyCount "88"]
[EventDate "2014.??.??"]
[EventType "tourn (corr)"]
[EventRounds "6"]
[EventCountry "GER"]
[SourceTitle "Corr 2015"]
[Source "ChessBase"]
[SourceDate "2015.07.17"]
[SourceVersion "1"]
[SourceVersionDate "2015.07.17"]
[SourceQuality "1"]

1. e4 e5 2. Nf3 d6 3. Bc4 Be6 4. Bxe6 fxe6 5. Nc3 Ne7 6. d3 d5 7. Bg5 c6 8. Bxe7 Bxe7 9. exd5 exd5 10. Nxe5 Bd6 11. Qe2 Qe7 12. 0-0-0 Nd7 13. Nxd7 Kxd7 14. Qg4+ Qe6 15. Qxg7+ Qe7 16. Qxe7+ Bxe7 17. f4 Bh4 18. g3 Bf6 19. Rhe1 d4 20. Ne4 Bg7 21. Nc5+ Kc7 22. Re7+ Kd6 23. Rxg7 Kxc5 24. Rxb7 a6 25. Re1 Rab8 26. Re5+ Kd6 27. Rbe7 c5 28. R7e6+ Kd7 29. f5 Rhf8 30. Rxa6 Kc7 31. Rxc5+ Kd7 32. g4 Rbc8 33. Ra7+ Kd6 34. Rxc8 Rxc8 35. Rxh7 Ke5 36. a4 Ra8 37. b3 Kf4 38. h3 Rg8 39. a5 Ra8 40. b4 Ke3 41. Re7+ Kf3 42. f6 Rf8 43. f7 Kg3 44. g5 Rh8 1-0

[Event "Remote email"]
[Site "Remote email"]
[Date "2014.01.27"]
[Round "?"]
[White "Steffens, Henrik"]
[Black "Bezukhov, Pierre"]
[Result "0-1"]
[WhiteElo "2000"]
[BlackElo "1748"]
[PlyCount "86"]
[EventDate "2014.??.??"]
[EventType "tourn (corr)"]
[EventRounds "6"]
[EventCountry "GER"]
[SourceTitle "Corr 2015"]
[Source "ChessBase"]
[SourceDate "2015.07.17"]
[SourceVersion "1"]
[SourceVersionDate "2015.07.17"]
[SourceQuality "1"]

1. d4 d5 2. Nc3 Nf6 3. h4 e6 4. h5 h6 5. e3 Nc6 6. Bb5 Bd7 7. f4 Bb4 8. a3 Bxc3+ 9. Kf2 Ne4+ 10. Ke2 Ng3+ 11. Kd3 Nxh1 12. bxc3 Nf2+ 13. Ke2 Nxd1 14. Kxd1 Qh4 15. Nf3 Qh1+ 16. Ne1 Qxh5+ 17. Be2 Qh4 18. Nf3 Qf6 19. Ne5 Nxe5 20. dxe5 Qh4 21. Rb1 Rb8 22. Rb4 Qh1+ 23. Kd2 Qxg2 24. a4 a5 25. c4 axb4 26. cxd5 exd5 27. Bb2 Bxa4 28. e6 f6 29. Kd3 g6 30. Bxf6 Rf8 31. Bg7 Qe4+ 32. Kd2 Bxc2 33. Bb5+ Ke7 34. Bxf8+ Kxf8 35. Ba4 Bxa4 36. Ke2 b3 37. e7+ Kxe7 38. f5 g5 39. Kd2 b2 40. f6+ Kxf6 41. Kc3 b1Q 42. Kd2 Qb2+ 43. Ke1 Qh1# 0-1

[Event "Remote email"]
[Site "Remote email"]
[Date "2013.11.16"]
[Round "?"]
[White "Bezukhov, Pierre"]
[Black "Huening, Andreas"]
[Result "1-0"]
[WhiteElo "1748"]
[BlackElo "1966"]
[PlyCount "89"]
[EventDate "2013.??.??"]
[EventType "tourn (corr)"]
[EventRounds "6"]
[EventCountry "GER"]
[SourceTitle "Corr 2015"]
[Source "ChessBase"]
[SourceDate "2015.07.17"]
[SourceVersion "1"]
[SourceVersionDate "2015.07.17"]
[SourceQuality "1"]

1. d4 d5 2. Nc3 Nf6 3. Bg5 e6 4. Nf3 h6 5. Bxf6 Qxf6 6. Qd2 Bb4 7. g3 Nc6 8. Qd3 0-0 9. 0-0-0 e5 10. Nxd5 Qd8 11. Qc4 exd4 12. Nxd4 Nxd4 13. Qxd4 a5 14. Bg2 c6 15. e4 cxd5 16. exd5 Bf5 17. Be4 Bxe4 18. Qxe4 Re8 19. Qd4 Qc8 20. d6 Re2 21. c3 Bc5 22. Qd3 Rxf2 23. d7 Qd8 24. h4 g5 25. h5 Bb6 26. g4 Qe7 27. Rhe1 Qf8 28. Qg3 Rd8 29. Qd3 Rg2 30. Qb5 Qg7 31. Qxb6 Qh7 32. Qxd8+ Kg7 33. Rd2 Rxg4 34. Qxa5 Rh4 35. Qb6 Rxh5 36. d8Q g4 37. Qxb7 g3 38. Qg2 Qg6 39. Rg1 Rh2 40. Qgd5 Rxd2 41. Qxd2 h5 42. Qc7 h4 43. Qe5+ f6 44. Qef4 f5 45. Qxh4 1-0

[Event "Remote email"]
[Site "Remote email"]
[Date "2013.07.16"]
[Round "?"]
[White "Franken, Paul"]
[Black "Bezukhov, Pierre"]
[Result "1-0"]
[WhiteElo "2358"]
[BlackElo "1748"]
[PlyCount "53"]
[EventDate "2013.??.??"]
[EventType "tourn (corr)"]
[EventRounds "6"]
[EventCountry "GER"]
[SourceTitle "Corr 2015"]
[Source "ChessBase"]
[SourceDate "2015.07.17"]
[SourceVersion "1"]
[SourceVersionDate "2015.07.17"]
[SourceQuality "1"]

1. b4 e5 2. Bb2 Bd6 3. Nf3 Nc6 4. b5 Nce7 5. Nxe5 b6 6. Nc4 Bc5 7. Bxg7 Ng6 8. e4 Qe7 9. d4 Bb4+ 10. c3 Ba5 11. Bd3 Nf6 12. Bxh8 Nxh8 13. e5 Nd5 14. Nxa5 bxa5 15. Qf3 Bb7 16. c4 Nb4 17. Qxb7 Qd8 18. Be4 c6 19. a3 Rb8 20. Qxa7 Ra8 21. Qc5 d5 22. axb4 dxe4 23. Nc3 Qh4 24. Qxc6+ Kd8 25. Qxa8+ Ke7 26. Nd5+ Ke6 27. Qc8# 1-0

[Event "Remote Easter email"]
[Site "Remote email"]
[Date "2013.04.01"]
[Round "?"]
[White "Baer, Cy"]
[Black "Bezukhov, Pierre"]
[Result "1-0"]
[WhiteElo "1836"]
[BlackElo "1779"]
[PlyCount "83"]
[EventDate "2013.??.??"]
[EventType "tourn (corr)"]
[EventRounds "8"]
[EventCountry "GER"]
[SourceTitle "Corr 2015"]
[Source "ChessBase"]
[SourceDate "2015.07.17"]
[SourceVersion "1"]
[SourceVersionDate "2015.07.17"]
[SourceQuality "1"]

1. e4 e5 2. Bc4 Bb4 3. Qh5 Qe7 4. Nf3 Nf6 5. Qxe5 Nc6 6. Qxe7+ Kxe7 7. c3 Bc5 8. d4 Nxd4 9. cxd4 Bb4+ 10. Bd2 Bxd2+ 11. Nbxd2 d6 12. Ng5 d5 13. exd5 c6 14. dxc6 bxc6 15. Nxf7 Rf8 16. Ne5 Bb7 17. 0-0 a5 18. Rae1 a4 19. Nxc6+ Kd7 20. Ne5+ Kd6 21. Bb5 Ba6 22. Ndc4+ Ke6 23. Nd7+ Kf7 24. Nd6+ Kg8 25. Bxa6 Nxd7 26. Bc4+ Kh8 27. Re7 Nb6 28. Rfe1 Nxc4 29. Nxc4 h6 30. d5 g5 31. R1e6 Rac8 32. Rxh6+ Kg8 33. Rhh7 Rf4 34. b3 a3 35. d6 Rd4 36. h3 Rd1+ 37. Kh2 Ra8 38. d7 Rd4 39. Rh5 Rd5 40. Nb6 Rda5 41. Nxa8 Rxa8 42. Re8+ 1-0